Quản lý môi trường cho sự phát triển bền vững / Lưu Đức Hải, Nguyễn Ngọc Sinh.
Enregistré dans:
| Format: | Livre |
|---|---|
| Publié: |
Đại học quốc gia Hà Nội
2000
|
| Tags: |
Ajouter un tag
Pas de tags, Soyez le premier à ajouter un tag!
|
| Thư viện lưu trữ: | Mạng thư viện Đại học Đà Nẵng |
|---|
| LEADER | 00528nam a22001811a 4500 | ||
|---|---|---|---|
| 001 | 000035620 | ||
| 003 | 11907 | ||
| 005 | 20160318111210.0 | ||
| 008 | 160318s2000 000 | ||
| 082 | |a 363.7 | ||
| 245 | |a Quản lý môi trường cho sự phát triển bền vững / Lưu Đức Hải, Nguyễn Ngọc Sinh. | ||
| 260 | |a Đại học quốc gia Hà Nội |c 2000 | ||
| OWN | |a LNN | ||
| 999 | |a From the UDN01 | ||
| TYP | |a Monograph | ||
| 980 | |a Mạng thư viện Đại học Đà Nẵng | ||